15. seminář na téma Ekologie a slévárenství Zasedání OK pro životní prostredí

Podrobná bibliografia
Hlavný autor: Bláha, Vladimír (Author)
Médium: Článok
Jazyk:Slovak
Czech
Témy:
Zdroj: 1. Slévárenství 1. Roč. 56, č. 3-4 (2008), s. 205-206 1. 0037-6825
LEADER 01057nab#a2200313#ar4500
001 000090021
003 SVKKK
005 20080617132015.0
008 080605c2008 xo |||||||||||||||b|slo
FMT
038 |a SVKKK 
040 |a SVKKK  |b slo  |e AACR2 
041 0 |a cze 
044 |a xr  |c CZ 
080 |a 621.74:061.3  |2 1997 
080 |a 061.3  |2 1997 
100 1 |a Bláha, Vladimír  |4 aut 
245 1 0 |a 15. seminář na téma Ekologie a slévárenství Zasedání OK pro životní prostredí  |c Vladimír Bláha 
246 3 |a Patnáctý seminář na téma Ekologie a slévárenství Zasedání OK pro životní prostredí 
300 |b Fotogr. 
611 2 4 |a Ekologie a slévárenství  |g seminár  |n (15. :  |d 2008 :  |c Hradec Králové, Česko) 
610 2 4 |a Česká slévárenská spoločnost  |b Odborná komise pro životní prostředí  |g zasadanie  |d (2008 :  |c Hradec Králové, Česko) 
773 0 |t Slévárenství  |g Roč. 56, č. 3-4 (2008), s. 205-206  |x 0037-6825 
974 |a MI 
992 |a RBX 
BAS
852 |a SVKKK  |b BIB 
EXP
998 |a HUT